| 000 | 00690nam a2200241Ia 4500 | ||
|---|---|---|---|
| 001 | 9663 | ||
| 003 | GE_BSU | ||
| 008 | 181216s||||||||xx |||||||||||||| ||und|| | ||
| 040 | _cGE_BSU | ||
| 080 | _a821.353.1–11 | ||
| 100 | _aმირცხულავა,ალიო | ||
| 245 | _aენგური | ||
| 245 | _bპოემა | ||
| 245 | _cრედ.ი.ორჯონიკიძე.მხატვ:ტ.შეყილაძე | ||
| 260 | _aთბილისი | ||
| 260 | _bნაკადული | ||
| 260 | _c1971 | ||
| 300 | _a74გვ.16სმ. | ||
| 653 | _aენგური | ||
| 653 | _aლექსები | ||
| 653 | _aპოემა | ||
| 942 | _cBK | ||
| 999 |
_c42947 _d42947 |
||